000 00442nam a2200181Ia 4500
001 1871
005 20260306143800.0
008 260306t2002||||xx |||||||||||||| ||spa||
041 _aESP
082 _a158
_bP28
100 _aPatiño, Magaly
_eAUT
245 0 _aCómo realizar su proyecto personal del deseo al logro
260 _c2002
300 _a119 páginas :
_c23 cm.
650 _aGEN
654 _aCPS
942 _cLIB
_dJUS
_fJUS
_2ddc
_n
999 _c1871
_d1871